000 00838nam a22002777a 4500
003 CHAP
005 20220329143418.0
008 090520s2008 mx r 00010 spa d
010 _a96210
011 _a97182
020 _a9684116993
035 _a107845
040 _cCHAP
082 0 4 _a335.430972
_bIl61
100 0 0 _aIllades, Carlos.
_957416
245 1 4 _aLas otras ideas :
_bestudio sobre el primer socialismo en México 1850 - 1935
_c/por Carlos Illades
260 _aMéxico, D.F. :
_bUAM : Era,
_c2008
300 _a327 p. :
_bdiagramas
590 _aBATCH-UPD
_b10
_c20130110
_lUCH01
_h1003
590 _aCONVERSION
_b10
_c20130109
_lUCH01
_h1353
650 1 4 _aSocialismo.
_9108040
901 _aBK
911 _aen proceso
942 _cLIBRO
949 _a335.430972 Il61
_bBC
_cLIBRO
_d33724002081553
_eLIBRO
_h110542
_i107845
_sb
999 _c96210
_d96210